| 000 | 00920nam a22001935i 4500 | ||
|---|---|---|---|
| 001 | 166037 | ||
| 003 | ES-MaACL | ||
| 005 | 20250726063044.0 | ||
| 008 | 050919s1878 sp | |||||||| ||ita d | ||
| 040 |
_aCAM _bspa _cCAM |
||
| 100 | 1 |
_aTaramelli, Torquato, _d1845-1922 _9224308 |
|
| 245 | 1 | 0 |
_a[Alcune osservazioni geologique sul Carso di Trieste e sulla valle del fiume Recca, stabilite in occasione di un progretto di derivazione di questo fiume in città , mediante una galleria di 14 chilometri / _cTorquato Taramelli]. |
| 260 |
_aMilano : _b[ s.n.], _c1878 ( _fTip. Bernardoni) |
||
| 300 |
_a16 p. ; _c25 cm. |
||
| 500 | _aDatos tomados de la primera pag. | ||
| 596 | _aEstratto dai Rendiconti del R. Istituto Lombardo , Serie II, vol. XI, fasc. VI. | ||
| 852 |
_aES-MaACL _jT-899-F-10 _z-- Enc. hol., falto de la enc. original _z-- Legado de Federico de Botella y de Hornos |
||
| 999 |
_c166037 _d166037 |
||